| 000 | 01180nam a22003497a 4500 | ||
|---|---|---|---|
| 003 | CHAP | ||
| 005 | 20220329133114.0 | ||
| 008 | 971013s1991 r 00010 d | ||
| 010 | _a2200 | ||
| 011 | _a3172 | ||
| 035 | _a2372 | ||
| 040 | _cCHAP | ||
| 090 | _aTesis | ||
| 100 | 0 | 0 |
_aTorres Ramírez, José Antonio. _9114209 |
| 245 | _aAnálisis del Programa Tripartita de Bordería de Uso Múltiple en el Distrito de Desarrollo Rural 003 León, Guanajuato | ||
| 260 |
_aChapingo, Méx. : _bEl Autor, _c1991 |
||
| 300 |
_a49 h. _b: ilus. ; apénd. |
||
| 500 | _aD44-235 | ||
| 502 | _aTesis (Ing. Agr. Esp. en Suelos) -- UACH. Departamento de Suelos | ||
| 590 |
_aALEPH _b10 _c20130110 _lUCH01 _h1212 |
||
| 590 |
_aBATCH-UPD _b10 _c20130110 _lUCH01 _h0253 |
||
| 590 |
_aBATCH-UPD _b10 _c20130110 _lUCH01 _h1318 |
||
| 590 |
_aBATCH-UPD _b10 _c20130409 _lUCH01 _h2324 |
||
| 590 |
_aBATCH-UPD _b10 _c20130914 _lUCH01 _h0309 |
||
| 590 |
_aCONVERSION _b10 _c20130109 _lUCH01 _h1302 |
||
| 650 | 1 | 4 |
_aAgua _xAlmacenamiento. _92279 |
| 650 | 1 | 4 |
_aBordos. _913852 |
| 650 | 1 | 4 |
_aIrrigación _xGuanajuato. _960412 |
| 901 | _aBK | ||
| 942 | _cTESIS | ||
| 949 |
_bBC _cTES _d-11872 _eTS1 _h24466 _i2372 _si |
||
| 999 |
_c2200 _d2200 |
||